[Event "YUG-chT"]
[Site "Cetinje"]
[Date "1992.??.??"]
[Round "?"]
[White "Jovanovic, Srdjan"]
[Black "Ostojic, Nikola"]
[Result "0-1"]
[WhiteElo "2100"]
[BlackElo "2460"]
[PlyCount "70"]
[EventDate "1992.??.??"]
[EventType "team"]
[EventRounds "11"]
[EventCountry "YUG"]
[SourceTitle "EXT 1997"]
[Source "ChessBase"]
[SourceDate "1996.11.15"]
[SourceVersion "1"]
[SourceVersionDate "1996.11.15"]
[SourceQuality "1"]

1. e4 c5 2. Nc3 Nc6 3. g3 g6 4. Bg2 Bg7 5. d3 d6 6. f4 Qd7 7. Nf3 b6 8. 0-0 Bb7 9. Be3 f5 10. exf5 gxf5 11. d4 cxd4 12. Nxd4 0-0-0 13. Nxc6 Bxc6 14. Bxc6 Qxc6 15. Qf3 Qxf3 16. Rxf3 Bxc3 17. bxc3 Nf6 18. a4 Nd7 19. a5 Kb7 20. Bf2 Rhe8 21. Rb1 Kc6 22. axb6 axb6 23. Kg2 Ra8 24. Rb2 b5 25. h3 h5 26. Rb4 Ra4 27. Rd3 Nf6 28. Rdd4 Rea8 29. Kf3 Nd5 30. Rb3 e5 31. fxe5 dxe5 32. Rd1 Rc4 33. Be1 Ra2 34. Rdb1 Rxc2 35. Rxb5 e4# 0-1

[Event "YUG-chT"]
[Site "Cetinje"]
[Date "1992.??.??"]
[Round "?"]
[White "Savicevic, Vlatko"]
[Black "Jovanovic, Srdjan"]
[Result "1-0"]
[WhiteElo "2270"]
[BlackElo "2100"]
[PlyCount "79"]
[EventDate "1992.??.??"]
[EventType "team"]
[EventRounds "11"]
[EventCountry "YUG"]
[SourceTitle "EXT 1997"]
[Source "ChessBase"]
[SourceDate "1996.11.15"]
[SourceVersion "1"]
[SourceVersionDate "1996.11.15"]
[SourceQuality "1"]

1. e4 e5 2. Nf3 d6 3. d4 Nf6 4. Nc3 Nbd7 5. Bc4 h6 6. 0-0 Be7 7. Qe2 c6 8. a4 Qc7 9. Rd1 Nf8 10. a5 g5 11. b4 Bd7 12. b5 Rc8 13. dxe5 dxe5 14. b6 axb6 15. axb6 Qb8 16. Ba3 Ne6 17. Bxe7 Kxe7 18. Ra5 Rcg8 19. Nxe5 g4 20. Qd2 Bc8 21. Qc1 Rg5 22. Qa3+ c5 23. Nd3 Rd8 24. Re1 Nd4 25. Nd5+ Nxd5 26. exd5+ Kf6 27. Nxc5 Re5 28. Ne4+ Kg6 29. Qc3 Nf5 30. Ng3 Rde8 31. Raa1 Nd4 32. Red1 Nf5 33. Bd3 Qd6 34. Bxf5+ Bxf5 35. Nxf5 Rxf5 36. Qd3 Qxb6 37. Qd4 Qxd4 38. Rxd4 Re2 39. Rxg4+ Kh5 40. Rg3 1-0

[Event "YUG-chT"]
[Site "Cetinje"]
[Date "1992.??.??"]
[Round "?"]
[White "Spiric, Igor"]
[Black "Jovanovic, Srdjan"]
[Result "1/2-1/2"]
[WhiteElo "2360"]
[BlackElo "2100"]
[PlyCount "97"]
[EventDate "1992.??.??"]
[EventType "team"]
[EventRounds "11"]
[EventCountry "YUG"]
[SourceTitle "EXT 1997"]
[Source "ChessBase"]
[SourceDate "1996.11.15"]
[SourceVersion "1"]
[SourceVersionDate "1996.11.15"]
[SourceQuality "1"]

1. d4 Nf6 2. c4 g6 3. Nc3 Bg7 4. e4 d6 5. f3 b6 6. Bd3 Bb7 7. Be3 0-0 8. Nge2 c5 9. d5 e6 10. 0-0 exd5 11. cxd5 Re8 12. Qd2 Nbd7 13. h3 Ne5 14. Bb5 Re7 15. f4 Ned7 16. Qd3 a6 17. Bc6 Qc8 18. Bxb7 Qxb7 19. f5 b5 20. fxg6 hxg6 21. Ng3 b4 22. Nd1 Rae8 23. Bg5 Rc8 24. Ne3 Ree8 25. Nc4 Qb5 26. Rad1 Qb8 27. Bf4 Bf8 28. h4 Nb6 29. Bg5 Nfd7 30. Qf3 Nxc4 31. Qxf7+ Kh8 32. Qxd7 Rc7 33. Bf6+ Kg8 34. Qg4 Ne5 35. Bxe5 Rxe5 36. h5 Qc8 37. Nf5 Qe8 38. hxg6 Rxe4 39. Qh5 Re5 40. Rd3 Re1 41. Qg4 c4 42. Rg3 Rxf1+ 43. Kxf1 Qe5 44. g7 Bxg7 45. Nxg7 Rxg7 46. Qc8+ Kh7 47. Qh3+ Kg8 48. Qc8+ Kh7 49. Qh3+ 1/2-1/2